000 00803nmm a2200301 a 4500
003 AR-BaBNM
005 20251128205818.0
008 208019s1991 ||||||||||||||000 | spa||
020 _a950-9089-10-9
040 _cAR-BaBNM
100 1 _aBerisso, Luciana
245 1 0 _aParliamo italiano
_n2
250 _a9ª ed.
260 _aBuenos Aires
_bAsociación Dante Alighieri
_c1991
300 0 _a132 p.
_bil.
650 4 _aITALIANO
650 4 _aLENGUAS ROMANCES
650 4 _aENSENANZA DE IDIOMAS
650 4 _aACTIVIDADES DE APRENDIZAJE
650 4 _aGRAMATICA
650 4 _aENSENANZA DEL VOCABULARIO
650 4 _aVOCABULARIO
700 1 _aFiore, Ezio
700 1 _aTorres Repiso, Hernán
_eilustrador
700 1 _aPetriella, Dionisio
_eprologuista
942 _cBK
998 _cMARTIN
999 _c12908
_d12908